000 01007nam a2200289Ia 4500
003 OSt
005 20220930075924.0
006 a|||||r|||| 00| 0
007 ta
008 220926b |||||||| |||| 00| 0 eng d
024 _a84207
037 _cTheses
040 _aCRL
_cCRL
_beng
041 _2eng
_aeng
100 _aKharbanda Preeti
_9537675
110 _aUniversity of Delhi. Faculty of Medical Sciences. Department of Medical Microbiology
_9519677
245 0 _aStudy of parasitic infections in immunocompromised host
260 _c2005
650 _aMIRCOBIOLOGY
700 _a Dr. A. K. Bahadur Gu.
_9536992
700 _a Dr. Beena Uppal Gu.
_9537676
700 _a Dr. M. K. Daga Gu.
700 _a Dr. Shyama Jain Gu.
700 _aUniversity of Delhi. Faculty of Medical Sciences. Department of Medical Microbiology
_9519679
942 _cDIS
_2CC
999 _c868994
_d868994